| 000 | 01029cam a22003617a 4500 | ||
|---|---|---|---|
| 001 | 15711821 | ||
| 003 | OSt | ||
| 005 | 20150523111224.0 | ||
| 008 | 090424s2006 ph a b 000 0 eng | ||
| 010 | _a 2009316394 | ||
| 020 | _a9716856996 | ||
| 040 |
_aDLC _cDLC |
||
| 042 | _alcode | ||
| 050 |
_aLB 191 _b.V422 2009 |
||
| 100 | 1 | _aVega, Violeta A. | |
| 245 | 1 | 0 |
_aSocial dimensions of education / _cVioleta A. Vega, Nelia G. Prieto, Myrna L. Carreon. |
| 246 | 3 | 0 | _aDimensions of education |
| 260 |
_aQuezon City, Metro Manila : _bLorimar Pub., _c2009. |
||
| 300 |
_a181 pages : _billustrations ; _c26 cm. |
||
| 500 | _aIncludes bibliographical references and appendix. | ||
| 700 | 1 | _aPrieto, Nelia G. | |
| 700 | 1 | _aCarreon, Myrna L. | |
| 906 |
_a7 _bcbc _corigode _d4 _encip _f20 _gy-gencatlg |
||
| 942 |
_2lcc _cBK _kLOC |
||
| 999 |
_c284335 _d284335 |
||